2000's European Leagues Top Scorers by Season - Statistics

General Stats
  • This quiz has been taken 2,340 times
    2,221 since last reset
  • The average score is 62 of 118
Answer Stats
League Season Answer Goals % Correct
Premier League 2007-08 Cristiano Ronaldo 31
99%
La Liga 2010-11 Cristiano Ronaldo 40
99%
La Liga 2013-14 Cristiano Ronaldo 31
99%
La Liga 2014-15 Cristiano Ronaldo 48
99%
Serie A 2020-21 Cristiano Ronaldo 29
99%
La Liga 2009-10 Lionel Messi 34
99%
La Liga 2011-12 Lionel Messi 50
99%
La Liga 2012-13 Lionel Messi 46
99%
La Liga 2016-17 Lionel Messi 37
99%
La Liga 2017-18 Lionel Messi 34
99%
La Liga 2018-19 Lionel Messi 26
99%
La Liga 2019-20 Lionel Messi 25
99%
La Liga 2020-21 Lionel Messi 30
99%
La Liga 2003-04 Ronaldo 24
99%
Bundesliga 2013-14 Robert Lewandowski 20
90%
Bundesliga 2015-16 Robert Lewandowski 30
90%
Bundesliga 2017-18 Robert Lewandowski 29
90%
Bundesliga 2018-19 Robert Lewandowski 22
90%
Bundesliga 2019-20 Robert Lewandowski 34
90%
Bundesliga 2020-21 Robert Lewandowski 41
90%
Ligue 1 2018-19 Kylian Mbappé 33
89%
Ligue 1 2019-20 Kylian Mbappé 18
89%
Ligue 1 2020-21 Kylian Mbappé 31
89%
Premier League 2013-14 Luis Suárez 31
89%
La Liga 2015-16 Luis Suárez 40
89%
Premier League 2020-21 Harry Kane 23
87%
Premier League 2017-18 Mohamed Salah 32
87%
Premier League 2018-19 Mohamed Salah 22
87%
Premier League 2015-16 Harry Kane 25
86%
Premier League 2016-17 Harry Kane 29
86%
Premier League 2001-02 Thierry Henry 24
81%
Premier League 2003-04 Thierry Henry 30
81%
Premier League 2004-05 Thierry Henry 25
81%
Premier League 2005-06 Thierry Henry 27
81%
Premier League 2014-15 Sergio Aguero 26
78%
Serie A 2008-09 Zlatan Ibrahimović 25
78%
Serie A 2011-12 Zlatan Ibrahimović 28
78%
Ligue 1 2012-13 Zlatan Ibrahimović 30
78%
Ligue 1 2013-14 Zlatan Ibrahimović 26
78%
Ligue 1 2015-16 Zlatan Ibrahimović 38
78%
Premier League 2006-07 Didier Drogba 20
74%
Premier League 2009-10 Didier Drogba 29
74%
Premier League 2018-19 Sadio Mané 22
74%
Premier League 2011-12 Robin van Persie 30
70%
Premier League 2012-13 Robin van Persie 26
70%
Ligue 1 2017-18 Edinson Cavani 28
69%
Serie A 2012-13 Edinson Cavani 29
68%
Ligue 1 2016-17 Edinson Cavani 35
68%
Premier League 2019-20 Jamie Vardy 23
66%
Premier League 2018-19 Pierre-Emerick Aubameyang 22
66%
La Liga 2000-01 Raul 24
63%
Premier League 2002-03 Ruud van Nistelrooy 25
61%
La Liga 2006-07 Ruud van Nistelrooy 25
61%
Bundesliga 2016-17 Pierre-Emerick Aubameyang 31
60%
Serie A 2017-18 Ciro Immobile 29
57%
Serie A 2019-20 Ciro Immobile 36
57%
La Liga 2004-05 Samuel Eto'o 25
56%
La Liga 2005-06 Samuel Eto'o 26
56%
Serie A 2013-14 Ciro Immobile 22
55%
Serie A 2007-08 Alessandro del Piero 21
54%
Serie A 2015-16 Gonzalo Higuaín 36
54%
Ligue 1 2007-08 Karim Benzema 20
54%
Serie A 2006-07 Francesco Totti 26
51%
Bundesliga 2010-11 Mario Gómez 28
51%
Bundesliga 2005-06 Miroslav Klose 25
51%
Premier League 2010-11 Carlos Tévez 20
49%
Premier League 2010-11 Dimitar Berbatov 20
47%
Serie A 2016-17 Edin Dzeko 29
42%
Bundesliga 2009-10 Edin Dzeko 22
42%
Serie A 2003-04 Andriy Shevchenko 24
41%
Serie A 2005-06 Luca Toni 31
40%
Serie A 2014-15 Luca Toni 22
40%
Bundesliga 2007-08 Luca Toni 24
40%
Premier League 2008-09 Nicolas Anelka 19
40%
Ligue 1 2011-12 Olivier Giroud 21
40%
La Liga 2004-05 Diego Forlán 25
35%
La Liga 2008-09 Diego Forlan 32
35%
Ligue 1 2014-15 Alexandre Lacazette 27
31%
Serie A 2009-10 Antonio di Natale 29
29%
Serie A 2010-11 Antonio di Natale 28
29%
Serie A 2014-15 Mauro Icardi 22
28%
Serie A 2017-18 Mauro Icardi 29
28%
Serie A 2001-02 David Trezeguet 24
27%
Serie A 2000-01 Hernán Crespo 26
27%
Serie A 2002-03 Christian Vieri 24
26%
Serie A 2018-19 Fabio Quagliarella 26
26%
La Liga 2002-03 Roy Makaay 29
25%
Ligue 1 2019-20 Wissam Ben Yedder 18
24%
Premier League 2000-01 Jimmy Floyd Hasselbaink 23
23%
Bundesliga 2008-09 Grafite 28
20%
Bundesliga 2002-03 Giovane Élber 21
17%
Bundesliga 2011-12 Klaas-Jan Huntelaar 29
16%
Ligue 1 2001-02 Pauleta 22
15%
Ligue 1 2005-06 Pauleta 21
15%
Ligue 1 2006-07 Pauleta 15
15%
Bundesliga 2012-13 Stefan Kiessling 25
14%
Bundesliga 2014-15 Alexander Meier 19
11%
Ligue 1 2001-02 Djibril Cissé 22
11%
Ligue 1 2003-04 Djibril Cissé 26
11%
La Liga 2007-08 Daniel Guiza 27
10%
Ligue 1 2008-09 André-Pierre Gignac 24
9%
Bundesliga 2003-04 Aílton 28
8%
La Liga 2001-02 Diego Tristan 20
8%
Ligue 1 2011-12 Nenê 21
6%
Ligue 1 2000-01 Sonny Anderson 22
6%
Serie A 2001-02 Dario Hübner 24
5%
Bundesliga 2000-01 Ebbe Sand 22
5%
Ligue 1 2009-10 Mamadou Niang 18
5%
Bundesliga 2001-02 Márcio Amoroso 18
5%
Bundesliga 2004-05 Marek Mintál 24
5%
Bundesliga 2001-02 Martin Max 18
5%
Bundesliga 2006-07 Theofanis Gekas 20
5%
Serie A 2004-05 Cristiano Lucarelli 24
4%
Ligue 1 2010-11 Moussa Sow 25
4%
Ligue 1 2004-05 Alexander Frei 20
3%
Bundesliga 2000-01 Sergej Barbarez 22
3%
Bundesliga 2002-03 Thomas Christiansen 21
3%
Ligue 1 2002-03 Shabani Nonda 26
2%
No matching quizzes found
Score Distribution
Percent of People with Each Score
Percentile by Number Answered
Your Score History
You have not taken this quiz since the last reset